000 00447nam a2200145Ia 4500
008 090122s9999 xx 000 0 und d
082 _b8889
_a920.71
100 _aकुलकर्णी
_bरा
_cपु
245 _aडॉ. होमी भाभा
600 _aकुलकर्णी
630 _aडॉ. होमी भाभा
700 _aकुलकर्णी
730 _aडॉ. होमी भाभा
942 _cBOOK
999 _c32966
_d32966